Greek Roots - Lesson 1 - Statistics

General Stats
  • This quiz has been taken 4 times
  • The average score is 4 of 20
Answer Stats
Hint Answer % Correct
life BI
100%
book BIBL, BIBLI
50%
time CHRON
50%
hidden, secret CRYPH, CRYPT
50%
to loosen, break down LY
50%
fire PYR
50%
god THE
50%
pain ALG, ALGE, ALGES
0%
circle, wheel CYCL, CYCLON
0%
spirit, evil spirit DEMON, DAEMON
0%
earth GE
0%
tongue, language GLOSS, GLOT, GLOTT
0%
image ICON
0%
speech, word, proportion, reasoning LOG, LOGUE
0%
to imitate MIM
0%
to remember MNE, MNEMON
0%
all, every PAN, PANT, PAM, PAR
0%
foot POD, PUS
0%
to cut TOM
0%
to nourish, grow TROPH
0%
No matching quizzes found
Score Distribution
Percent of People with Each Score
Percentile by Number Answered
Your Score History
You have not taken this quiz